000
00234nmm a2200085Ia 4500
008
220120s9999||||xx |||||||||||||||||und||
100
_a
EFY July 2010
_9
11215
245
0
_a
Industrial automation software psimg.0
260
_a
EFY enterprises
999
_c
139561
_d
139561